Now or Later? : The Political Economy of Public Investment in Democracies /

This paper explores the impact of political and institutional variables on public investment. Working with a sample of 80 presidential and parliamentary democracies between 1975 and 2012, we find that the rate of growth of public investment is higher at the beginning of electoral cycles and decelera...

Mô tả đầy đủ

Chi tiết về thư mục
Tác giả chính: Gupta, Sanjeev
Tác giả khác: Liu, Estelle, Mulas-Granados, Carlos
Định dạng: Tạp chí
Ngôn ngữ:English
Được phát hành: Washington, D.C. : International Monetary Fund, 2015.
Loạt:IMF Working Papers; Working Paper ; No. 2015/175
Truy cập trực tuyến:Full text available on IMF
LEADER 01969cas a2200265 a 4500
001 AALejournalIMF015408
008 230101c9999 xx r poo 0 0eng d
020 |c 5.00 USD 
020 |z 9781513583853 
022 |a 1018-5941 
040 |a BD-DhAAL  |c BD-DhAAL 
100 1 |a Gupta, Sanjeev. 
245 1 0 |a Now or Later? :   |b The Political Economy of Public Investment in Democracies /  |c Sanjeev Gupta, Estelle Liu, Carlos Mulas-Granados. 
264 1 |a Washington, D.C. :  |b International Monetary Fund,  |c 2015. 
300 |a 1 online resource (38 pages) 
490 1 |a IMF Working Papers 
500 |a <strong>Off-Campus Access:</strong> No User ID or Password Required 
500 |a <strong>On-Campus Access:</strong> No User ID or Password Required 
506 |a Electronic access restricted to authorized BRAC University faculty, staff and students 
520 3 |a This paper explores the impact of political and institutional variables on public investment. Working with a sample of 80 presidential and parliamentary democracies between 1975 and 2012, we find that the rate of growth of public investment is higher at the beginning of electoral cycles and decelerates thereafter. The peak in public investment growth occurs between 21 and 25 months before elections. Cabinet ideology and government fragmentation influence the size of investment booms. More parties in government are associated with smaller increases in public investment while left-wing cabinets are associated with higher sustained increases in investment. Stronger institutions help attenuate the impact of elections on investment, but available information is insufficient to draw definitive conclusions. 
538 |a Mode of access: Internet 
700 1 |a Liu, Estelle. 
700 1 |a Mulas-Granados, Carlos. 
830 0 |a IMF Working Papers; Working Paper ;  |v No. 2015/175 
856 4 0 |z Full text available on IMF  |u http://elibrary.imf.org/view/journals/001/2015/175/001.2015.issue-175-en.xml  |z IMF e-Library